000 01073nam a22003017a 4500
003 CHAP
005 20220329134620.0
008 971013s1987 mx r 00010 spa d
010 _a23060
011 _a24032
035 _a28131
040 _cCHAP
090 _aTesis
100 0 0 _aAyala Aguirre, Jesús Alfredo.
_98911
245 1 0 _aAdaptación de seis cultivares de coliflor (Brassica oleracea Var. botrytis) en la región de Marín, N.L.
_c/por Jesús Alfredo Ayala Aguirre
260 _aMarín, N.L. :
_bEl autor,
_c1987
300 _a63 h.
502 _aTesis (Ing. Agrónomo Fitotecnista) -- Universidad Autónoma de Nuevo León. Fac. de Agronomía
590 _aALEPH
_b10
_c20130110
_lUCH01
_h1247
590 _aBATCH-UPD
_b10
_c20130110
_lUCH01
_h2242
590 _aBATCH-UPD
_b10
_c20130410
_lUCH01
_h1536
590 _aBATCH-UPD
_b10
_c20130914
_lUCH01
_h1009
590 _aCONVERSION
_b10
_c20130109
_lUCH01
_h1314
650 1 4 _aColiflor
_xEfecto del medio ambiente.
_925143
901 _aBK
942 _cTESIS
949 _bBC
_cTES
_d-64912
_eTS1
_h20834
_i28131
_si
999 _c23060
_d23060